| 000 | 01475cam a2200349 a 4500 | ||
|---|---|---|---|
| 001 | EDZ0000077503 | ||
| 003 | StDuBDS | ||
| 005 | 20161031105152.0 | ||
| 006 | m||||||||d|||||||| | ||
| 007 | cr ||||||||||| | ||
| 008 | 120418s2008 caua fo| 001|0|eng d | ||
| 020 |
_a9781452224848 (ebook) : _cNo price |
||
| 040 |
_aStDuBDS _beng _cStDuBDS _epn |
||
| 049 | _aAlfaisal Main Library | ||
| 050 | 0 |
_aHM721 _b.S86 2008 |
|
| 082 | 0 | 4 |
_a303.327 _223 |
| 100 | 0 |
_aSunwolf, _cDr. |
|
| 245 | 1 | 0 |
_aPeer groups _h[electronic resource] : _bexpanding our study of small group communication / _cSunWolf. |
| 260 |
_aLos Angeles, [Calif.] ; _aLondon : _bSAGE, _cc2008. |
||
| 300 |
_a1 online resource (xvii, 222 p.) : _bill. |
||
| 504 | _aIncludes bibliographical references and index. | ||
| 520 | 8 | _aThis textbook explores group communication dynamics with the group that most students are already familiar with, peer groups. The book brings alive many existing group theories, while showcasing under-utilized theories that usefully explain the processes of the groups in which people spend most of their time. | |
| 521 | _aSpecialized. | ||
| 588 | _aDescription based on print version record. | ||
| 650 | 0 | _aAge groups. | |
| 650 | 0 | _aSmall groups. | |
| 655 | 7 |
_aElectronic books. _2local |
|
| 710 | 2 | _aSage eBooks | |
| 776 | 0 | 8 |
_iPrint version : _z9781412926867 |
| 856 | 4 | 0 | _uhttp://ezproxy.alfaisal.edu/login?url=http://sk.sagepub.com/books/peer-groups |
| 942 |
_2lcc _cEBOOKS |
||
| 999 |
_c480848 _d480848 |
||